Find and Click 1-50 Quiz Stats

Quiz Updated Feb 19, 2016

Challenge
Share
Tweet
Score 0/50 Timer 01:30
14 Plays Today
% Correct
1
99.1%
2
97.7%
4
96.8%
3
96.7%
5
96.3%
7
95.8%
8
95.6%
6
95.5%
9
95.2%
10
94.4%
11
94.2%
12
94%
13
93.3%
14
93%
15
92.9%
19
91.6%
18
91.6%
17
91.3%
20
91%
16
90.8%
21
90.6%
22
90.5%
23
89.9%
24
89.4%
25
87.4%
% Correct
26
86.5%
27
86.3%
28
85.9%
29
84.8%
30
84.1%
31
82.4%
32
80.6%
33
79.9%
34
76.6%
35
75.7%
36
74.9%
37
74.2%
38
72.2%
39
71.2%
40
69.3%
41
67.5%
42
65.8%
43
63.9%
44
62.2%
45
59.9%
46
59.2%
47
56.9%
48
54.8%
49
53.5%
50
52.8%

You're not logged in!

Compare scores with friends on all Sporcle quizzes.
Join for Free
OR
Log In

You Might Also Like...

Show Comments

Extras

Top Quizzes Today


Score Distribution

Your Account Isn't Verified!

In order to create a playlist on Sporcle, you need to verify the email address you used during registration. Go to your Sporcle Settings to finish the process.

Report this User

Report this user for behavior that violates our Community Guidelines.

Details: